000 00615nam a2200241Ia 4500
003 OSt
005 20221006141322.0
006 a|||||r|||| 00| 0
007 ta
008 221006b |||||||| |||| 00| 0 eng d
020 _c64.08
024 _a1,832
037 _cTextual
040 _aEASL
_cEASL
_beng
041 _2eng
_aeng
082 _aYN200gX.M83, M2
100 _aLOWITH Karl
_996820
245 0 _aMax Weber and Karl Marx
260 _aLondon
_bAllen & Unwin
_c1982
300 _a112p.
_ccm.
942 _hYN200gX.M83, M2
_cTEXL
_2CC
999 _c1069918
_d1069918